1752 1824 1603 1587 1502 1369 1897 1345 1738 1673 1040 1219 1467 1043 1910 1456 1386 1269 1704 1471 1784 1342 1791 1124 1642 1214 1996 1208 1232 1169 1288 1804 1907 1663 1929 1815 1976 1394 1845 1294 1316 1169 1942 1774 1631 1316 1569 1594 1193 1084 1392 1836 1056 1132 1748 1388 1935 1375 1937 1050 1091 1487 1487 1135 1338 1804 1118 1097 1869 1075 1656 1680 1022 1466 1204 1526 1884 1957 1094 1051 1310 1163 1494 1603 1490 1979 1143 1736 1715 1124 1718 1215 1664 1972 1262 1191 1879 1000 1615 BCNSPRNW ULIB Ver.6.0+V

เปลี่ยนเป็นภาษาไทย

Change to English
 แสดงรายละเอียดบรรณานุกรม
  กลับหน้าหลัก

Brief Record : Get Marc (ISO 2709) : E-mail record : QR code < ปิดหน้าต่าง
LEADER : 00000nam 2200000uu 4500
001    13399115100
003     ULIB
008    120709s2551||||th 000 0 tha d
090    ^aDS586.^bม125ก 2550
100 0  ^aมนทิรา จูฑาพุทธิ
245 00 ^a๙ ย่างตามรอยเท้าพ่อ/^cมนทิรา จูฑาพุทธิ
250    ^aพิมพ์ครั้งที่ 1
260    ^aกรุงเทพฯ ,^c2551
300    ^a223 หน้า
945    ^p0^l0^i16522
995    ^aกัณชพร
999    ^aใช้งานได้ทุกระบบ
รายการนี้ยังไม่มีแท็ก
คุณยังไม่ได้ล็อกอิน คุณสามารถมีกิจกรรมร่วมกับเว็บไซต์ได้ แต่ต้องล็อกอินก่อน ::
  ล็อกอิน

รายการสื่อสารสนเทศ

ลำดับที่ ประเภท เลขเรียก/บาร์โค้ด สถานที่ สถานะ
- ไม่พบข้อมูล -

BibComment


ยังไม่เคยถูกคอมเมนท์

คอมเมนท์ทรัพยากรรายการนี้
  คอมเมนท์: ๙ ย่างตามรอยเท้า..


 Copyright 2026. Bcnsprnw @Library